Suurin G:llä alkava kaupunki - Statistics

Yleistilastot
  • Tätä visaa on pelattu 151 kertaa
  • Keskiarvotulos 10 / 18
Vastaustilastot
Maa G-kaupunki % Oikein
Ruotsi Göteborg
93%
Puola Gdansk
91%
Sveitsi Geneve
79%
Guatemala Guatemala City
79%
Yhdistynyt kuningaskunta Glasgow
77%
Italia Genova
72%
Botswana Gaborone
68%
Meksiko Guadalajara
66%
Egypti Giza
65%
Itävalta Graz
63%
Belgia Ghent
55%
Ranska Grenoble
45%
Ecuador Guayaquil
37%
Kuuba Guantanamo
30%
Australia Gold Coast
28%
Irlanti Galway
26%
Unkari Győr
26%
Armenia Gyumri
14%
Ehtoja vastaavia visoja ei löytynyt
Tulosjakauma
Jokaisen tuloksen saaneiden osuus
Persentiili vastausten määrän mukaan
Tuloshistoriasi
Et ole pelannut tätä visaa